Kanye West - Touch The Sky - Statistics

General Stats
  • This quiz has been taken 49 times
  • The average score is 397 of 672
Answer Stats
Answer % Correct
I
100%
fly
97%
go
97%
the
97%
The
97%
to
97%
touch
97%
sky
95%
Sky
95%
extra
92%
die
89%
I'm
89%
in
89%
In
89%
lookin'
89%
up
89%
day
87%
got
87%
spot
87%
testify
87%
a
84%
A
84%
Come
84%
gotta
84%
Gotta
84%
when
76%
an
74%
K.
74%
be
71%
do
71%
on
71%
no
68%
was
68%
Back
63%
back
63%
like
63%
Like
63%
shit
63%
til
63%
my
61%
You
61%
you
61%
he
58%
Me
58%
me
58%
Now
58%
now
58%
and
55%
And
55%
pop
53%
them
53%
We
53%
don't
50%
girl
50%
I'ma
50%
it
50%
So
50%
that
50%
they
50%
at
47%
baby
47%
Baby
47%
Fore
47%
goin'
47%
high
47%
I'll
47%
Roc
47%
say
47%
this
47%
Bad
45%
But
45%
but
45%
hurt
45%
know
45%
let's
45%
Let's
45%
of
45%
thought
45%
where
45%
Yes
45%
yes
45%
Any
42%
Before
42%
before
42%
couldn't
42%
Couldn't
42%
en
42%
if
42%
street
42%
third
42%
uh
42%
am
39%
beat
39%
Damn
39%
felt
39%
Lupe
39%
Or
39%
talk
39%
these
39%
think
39%
work
39%
again
37%
ain't
37%
better
37%
Cam
37%
closed
37%
have
37%
Heaven
37%
it's
37%
KFC
37%
locks
37%
right
37%
she
37%
take
37%
team
37%
accident
34%
are
34%
Boy's
34%
Dawg
34%
dawg
34%
died
34%
em
34%
la
34%
niggas
34%
plan
34%
pocket
34%
Polos
34%
Rick
34%
Slick
34%
song
34%
van
34%
world
34%
breakdowns
32%
cause
32%
cheated
32%
enough
32%
feel
32%
guess
32%
havin'
32%
hip-hop
32%
I'd
32%
just
32%
legend
32%
momma
32%
must
32%
nervous
32%
new
32%
pink
32%
rock
32%
Sure
32%
than
32%
wanted
32%
who's
32%
would
32%
aeroplane
29%
anything
29%
came
29%
club
29%
doors
29%
funny
29%
helped
29%
home
29%
hour
29%
Jay
29%
much
29%
phone
29%
plane
29%
Plus
29%
shine
29%
Top
29%
top
29%
write
29%
wrongs
29%
advance
26%
as
26%
dance
26%
Gucci
26%
Jacob
26%
loafers
26%
Lupin
26%
tickets
26%
time
26%
tryin'
26%
U-Haul
26%
West
26%
about
24%
apartment
24%
first
24%
kick
24%
line
24%
Man
24%
needed
24%
not
24%
same
24%
split
24%
stand
24%
still
24%
things
24%
we're
24%
Yeah
24%
After
21%
body
21%
buffet
21%
horns
21%
Least
21%
pessimists
21%
went
21%
word
21%
anybody
18%
became
18%
Butterworth
18%
different
18%
down
18%
due
18%
favorite
18%
keep
18%
Mrs.
18%
sent
18%
shaped
18%
skeeted
18%
star
18%
beats
16%
Bottle
16%
buzz
16%
correct
16%
good
16%
Here
16%
Long
16%
porn
16%
sheets
16%
steal
16%
another
13%
beer
13%
best
13%
car
13%
curb
13%
ear
13%
fresh
13%
gun
13%
hoped
13%
Nia
13%
represent
13%
touche
13%
tryna
13%
verse
13%
charge
11%
feels
11%
Feels
11%
foreign
11%
layin'
11%
Peachfuzz
11%
possessed
11%
slow
11%
verge
11%
block
8%
end
8%
garde
8%
lyin'
8%
pair
8%
stop
8%
3rd
5%
cool
5%
steps
5%
beard
3%
lah
3%
syrup
3%
Mumm-Ra
0%
rollin'
0%
unthawed
0%
No matching quizzes found
Score Distribution
Percent of People with Each Score
Percentile by Number Answered
Your Score History
You have not taken this quiz